[Event "Titled Tuesday intern op 1st Oct"]
[White "Roenko, Artur"]
[Black "Lodici, Lorenzo"]
[Site "Chess.com INT"]
[Round "1"]
[Result "1/2-1/2"]
[Date "2019.10.01"]
[WhiteElo "2208"]
[BlackElo "2469"]
[PlyCount "128"]
[EventDate "2019.10.01"]
[EventType "swiss (blitz)"]
[EventRounds "10"]
[EventCountry "USA"]
[SourceTitle "EXT 2021"]
[Source "ChessBase"]
[SourceDate "2020.10.23"]
[SourceVersion "1"]
[SourceVersionDate "2020.10.23"]
[SourceQuality "1"]

1. e4 e5 2. Nf3 Nc6 3. d4 exd4 4. Nxd4 Bc5 5. Be3 Qf6 6. c3 Qg6 7. Nd2 Nf6 8. Nb5 Bxe3 9. Nxc7+ Kd8 10. Nxa8 Bxd2+ 11. Qxd2 Qxe4+ 12. Be2 Re8 13. Kf1 b6 14. Bf3 Qc4+ 15. Kg1 Bb7 16. b3 Qc5 17. Nxb6 axb6 18. h3 Ne4 19. Bxe4 Rxe4 20. Rd1 Ne5 21. Kh2 Rh4 22. Qg5+ Qe7 23. Qxe7+ Kxe7 24. Rhe1 d6 25. g3 Re4 26. Rxe4 Bxe4 27. g4 g5 28. Kg3 Bc6 29. Re1 f6 30. f4 gxf4+ 31. Kxf4 Kf7 32. Kg3 Ke6 33. c4 d5 34. cxd5+ Bxd5 35. Rc1 Nc6 36. Re1+ Kd6 37. Re8 Nb4 38. Rb8 Kc7 39. Rh8 Be4 40. Re8 Bb1 41. a3 Nc2 42. a4 Nd4 43. Rf8 Nxb3 44. Rxf6 Nc5 45. Rf4 Kc6 46. h4 Bc2 47. g5 Bxa4 48. h5 Bc2 49. Rf6+ Kc7 50. Kh4 b5 51. g6 hxg6 52. hxg6 b4 53. g7 Bh7 54. Rf8 b3 55. g8Q Bxg8 56. Rxg8 Ne4 57. Rg1 Nd2 58. Rd1 b2 59. Kg3 Kc6 60. Kf4 Kc5 61. Ke3 Nc4+ 62. Kd3 Na3 63. Kc3 b1Q 64. Rxb1 Nxb1+ 1/2-1/2

[Event "Titled Tuesday intern op 2nd July"]
[White "Zhuravleva, Olga"]
[Black "Roenko, Artur"]
[Site "Chess.com INT"]
[Round "4"]
[Result "1-0"]
[Date "2019.07.02"]
[WhiteElo "2278"]
[BlackElo "2208"]
[PlyCount "99"]
[EventDate "2019.07.02"]
[EventType "swiss (blitz)"]
[EventRounds "10"]
[EventCountry "USA"]
[SourceTitle "EXT 2021"]
[Source "ChessBase"]
[SourceDate "2020.10.23"]
[SourceVersion "1"]
[SourceVersionDate "2020.10.23"]
[SourceQuality "1"]

1. e4 e6 2. d4 d5 3. Nd2 Nc6 4. c3 e5 5. Ngf3 exd4 6. cxd4 Bb4 7. e5 Bg4 8. Qa4 Nge7 9. Bb5 0-0 10. 0-0 a6 11. Bxc6 Nxc6 12. h3 Bh5 13. a3 Ba5 14. b4 Bb6 15. Bb2 f6 16. Rfe1 fxe5 17. dxe5 Ne7 18. e6 d4 19. Qb3 Qd6 20. Ne4 Qf4 21. Ng3 Bxf3 22. Qxf3 Qxf3 23. gxf3 Rxf3 24. Kg2 Rf6 25. Rad1 Rd8 26. Re4 Rd6 27. Bxd4 Bxd4 28. Rdxd4 Rxd4 29. Rxd4 Rxe6 30. Rd8+ Kf7 31. Rd7 Rc6 32. Ne4 Rc2 33. Nc5 b6 34. Nxa6 Ke6 35. Rxc7 Ra2 36. Rc3 Nd5 37. Rf3 Ke5 38. Nb8 Nf4+ 39. Kg3 Ne2+ 40. Kg4 Nd4 41. Re3+ Kf6 42. Nd7+ Kf7 43. Nxb6 Rxf2 44. Nc4 Rf6 45. Ne5+ Kg8 46. Nd7 h5+ 47. Kxh5 Rf7 48. Re8+ Kh7 49. Nf8+ Kg8 50. Ng6+ 1-0

[Event "Titled Tuesday intern op 7th May"]
[White "Manukian, Artak"]
[Black "Roenko, Artur"]
[Site "Chess.com INT"]
[Round "10"]
[Result "0-1"]
[Date "2019.05.07"]
[WhiteElo "2196"]
[BlackElo "2208"]
[PlyCount "64"]
[EventDate "2019.05.07"]
[EventType "swiss (blitz)"]
[EventRounds "10"]
[EventCountry "USA"]
[SourceTitle "EXT 2021"]
[Source "ChessBase"]
[SourceDate "2020.10.23"]
[SourceVersion "1"]
[SourceVersionDate "2020.10.23"]
[SourceQuality "1"]

1. e4 e6 2. d4 d5 3. e5 c5 4. c3 Qb6 5. Nf3 Nc6 6. a3 f6 7. exf6 Nxf6 8. b4 cxd4 9. cxd4 Bd6 10. Nc3 Bd7 11. Na4 Qc7 12. Bb2 0-0 13. Rc1 Rae8 14. Be2 Bf4 15. Rc3 Qd6 16. Nc5 b6 17. Nxd7 Nxd7 18. 0-0 Nf6 19. Bb5 Rc8 20. Qa4 Ne7 21. Ne5 Rxc3 22. Bxc3 Ne4 23. Bb2 Ng6 24. Nxg6 Bxh2+ 25. Kh1 hxg6 26. Qc2 Rf5 27. g3 Bxg3 28. fxg3 Rh5+ 29. Kg1 Qxg3+ 30. Qg2 Qe3+ 31. Rf2 Nxf2 32. Qxf2 Rh1+ 0-1